| 000 | 00614na a2200217 4500 | ||
|---|---|---|---|
| 001 | 23635 | ||
| 003 | MIRAKIL | ||
| 005 | 20181213155257.0 | ||
| 008 | 180109b tu 000 0 | ||
| 040 |
_aMilas _btur _cTR-AnCHP |
||
| 041 | _atur | ||
| 082 |
_a327.561 _bS25d 2008 |
||
| 090 | _a327.561 S25d 2008 | ||
| 100 | _aSandıklı, Atilla | ||
| 245 |
_aDeğişen dünyada Türkiye'nin stratejisi _cAtilla Sandıklı |
||
| 260 |
_aİstanbul _bBİLGESAM Yayınları _c2008 |
||
| 300 |
_a48 s. _c23 sm. |
||
| 440 |
_aBİLGESAM Yayınları _v2 |
||
| 650 |
_aTürkiye _xUluslararası ilişkiler |
||
| 942 |
_2dcc _cBKS |
||
| 999 |
_c9825 _d9825 |
||